000 00445nam a22001577a 4500
005 20231109090814.0
008 231109b |||||||| |||| 00| 0 eng d
041 _aAfrikaans
082 _a346.2 LAW
100 _lAfrikaans
245 _aKontraktereg: Nuwe Ontwikkelinge /
_cDie Afdeling Regsopleiding
260 _c1987
300 _b83 pages ;
_c30,5 cm.
650 _aLegal practice
_bLaw
942 _cBK
_6ALISON_BN_VRIES
999 _c464
_d464